000 00308nam a2200133Ia 4500
005 20251222153543.0
008 251222s9999||||xx |||||||||||||| ||spa||
082 _a323.34/Y28
100 _aYáñez, Ana María
245 0 _aDerecho de la Mujer
250 _a1ra. ed.
264 _bADEC - ATC
942 _cLIB
999 _c30524
_d30524